00355nam a2200145Ia 4500008004100000020001500041041001200056082001600068100002100084245003700105250000800142260003700150300000800187650001400195221030s9999 xx 000 0 und d a8178086921 aEnglish a105.23bTan aA. S. Tanenbaum. 0aStructured Comptuer Organization a4th bPearson EducationaDelhic2002 a669 aComputers